000 00438nam a2200181Ia 4500
005 20240823011737.0
008 240823s9999||||xx |||||||||||||| ||und||
041 _aENGLISH
082 _A004 P2
100 _aMahadevan R
245 0 _aComputer Practice - II
250 _a1st
260 _c2002
_b"Aassaan eduCare,Chennai"
500 _aTRANSFERED
650 _aComputer Science
_bComputer Science
942 _cBK
999 _c162409
_d162409